Bankové právo a právo v oblasti zúčtovania medzinárodného platobného styku
Právo centrálneho bankovníctva – realizácia platobného styku v rámci EÚ. Zodpovednosť Centrálnej banky pri aplikovaní základných princípov. Právna úprava platobného styku v SR. Klasifikácia platobných systémov.
Gespeichert in:
| 1. Verfasser: | |
|---|---|
| Weitere Verfasser: | , |
| Format: | Buchkapitel |
| Sprache: | Slowakisch |
| Schlagworte: | |
| Tags: |
Keine Tags, Fügen Sie das erste Tag hinzu!
|
MARC
| LEADER | 00000nla$a2200000$$$4500 | ||
|---|---|---|---|
| 001 | 0089106 | ||
| 005 | 20240502072009.5 | ||
| 041 | 0 | |a slo | |
| 044 | |a SK | ||
| 245 | 1 | 0 | |a Bankové právo a právo v oblasti zúčtovania medzinárodného platobného styku |c Pavol Kolenčík, Ivana Nemšáková, Julianna Moravová |
| 520 | |a Právo centrálneho bankovníctva – realizácia platobného styku v rámci EÚ. Zodpovednosť Centrálnej banky pri aplikovaní základných princípov. Právna úprava platobného styku v SR. Klasifikácia platobných systémov. | ||
| 610 | 2 | 0 | |a styk platobný medzinárodný |
| 610 | 2 | 0 | |a právo finančné |
| 610 | 2 | 0 | |a zúčtovanie |
| 610 | 2 | 0 | |a Slovensko |
| 610 | 2 | 0 | |a Európska únia |
| 610 | 2 | 0 | |a banky centrálne |
| 610 | 2 | 0 | |a systémy platobné |
| 100 | 1 | |a Kolenčík, Pavol | |
| 700 | 1 | |a Nemšáková, Ivana | |
| 700 | 1 | |a Moravová, Julianna | |